000 00936nam a22002057a 4500
999 _c31396
_d31396
003 OSt
005 20210610144626.0
008 150407b slv spa
040 _cBMC
082 _a420.07
100 1 _944531
_aAcuña Herrera, Yensi Jeaneth
245 1 0 _a Pasantía en Centro Escolar Colonia Santa María, Ahuachapán
_b: informe final
_cYensi Jeaneth Acuña Herrera
260 _aSanta Ana (El Salvador)
_bUniversidad Católica de El Salvador
_c2020
300 _a35 h.
_c28 cm
_e+ 1 disco compacto
500 _aPrecede al tít.: Universidad Católica de El Salvador, Facultad de Ciencias y Humanidades
502 _aTrabajo de graduación para optar al grado académico de Licenciatura en ciencias de la educación con especialidad en Idioma Inglés
650 2 4 _917542
_aLengua inglesa
_xDidáctica
710 2 _91075
_aUniversidad Católica de El Salvador
_bFacultad de Ciencias y Humanidades
942 _2ddc
_cTG